Sexualwesen Mensch: Texte zur Erforschung der Sexualität
Helmut Kentler: "Sexualwesen Mensch - Texte zur Erforschung der Sexualität". Hoffmann u. Campe Verlag, Hamburg 1984. 359 S., br., 36,- DM
| Beteiligte: | |
|---|---|
| Medienart: | Druck Buch |
| Sprache: | Deutsch |
| Veröffentlicht: |
Hamburg
Hoffmann und Campe
1984
|
| In: | Jahr: 1984 |
| Ausgabe: | 1. Aufl. |
| Online-Zugang: |
Inhaltsverzeichnis |
| Bestand in Tübingen: | In Tübingen vorhanden. IFK: E II 22 |
| Verfügbarkeit prüfen: | HBZ Gateway |
| Subito Bestelldienst: | Jetzt bestellen. |
| Bände / Aufsätze: | Bände / Aufsätze anzeigen. |
| Schlagwörter: |
MARC
| LEADER | 00000cam a2200000 c 4500 | ||
|---|---|---|---|
| 001 | 02739946X | ||
| 003 | DE-627 | ||
| 005 | 20260402150958.0 | ||
| 007 | tu | ||
| 008 | 710101s1984 gw ||||| 00| ||ger c | ||
| 015 | |a 84,N05,0030 |2 dnb | ||
| 015 | |a 84,A28,0136 |2 dnb | ||
| 016 | 7 | |a 840153937 |2 DE-101 | |
| 020 | |a 3455086454 |9 3-455-08645-4 | ||
| 035 | |a (DE-627)02739946X | ||
| 035 | |a (DE-603)052498387 | ||
| 035 | |a (DE-576)009267875 | ||
| 035 | |a (DE-599)GBV02739946X | ||
| 035 | |a (OCoLC)14378859 | ||
| 035 | |a (DE-604)8010279873 | ||
| 035 | |a (DE-H357)his9715 | ||
| 040 | |a DE-627 |b ger |c DE-627 |e rakwb | ||
| 041 | |a ger | ||
| 044 | |c XA-DE | ||
| 084 | |a PSY 410 |2 sfb | ||
| 084 | |a 11 |a 14 |2 sdnb | ||
| 084 | |a 1 |2 ssgn | ||
| 084 | |a CR 6000 |2 rvk |0 (DE-625)rvk/19034: | ||
| 084 | |a DG 5000 |2 rvk |0 (DE-625)rvk/19557: | ||
| 084 | |a BK 6400 |2 rvk |0 (DE-625)rvk/11937: | ||
| 084 | |a MS 2900 |2 rvk |0 (DE-625)rvk/123650: | ||
| 084 | |a 71.25 |2 bkl | ||
| 245 | 0 | 0 | |a Sexualwesen Mensch |b Texte zur Erforschung der Sexualität |c hrsg. von Helmut Kentler |
| 250 | |a 1. Aufl. | ||
| 264 | 1 | |a Hamburg |b Hoffmann und Campe |c 1984 | |
| 300 | |a 359 S |b 21 cm | ||
| 336 | |a Text |b txt |2 rdacontent | ||
| 337 | |a ohne Hilfsmittel zu benutzen |b n |2 rdamedia | ||
| 338 | |a Band |b nc |2 rdacarrier | ||
| 500 | |a Literaturangaben | ||
| 520 | |a Helmut Kentler: "Sexualwesen Mensch - Texte zur Erforschung der Sexualität". Hoffmann u. Campe Verlag, Hamburg 1984. 359 S., br., 36,- DM | ||
| 583 | 1 | |a Massenentsäuert |c 2009 |2 pdager |5 DE-18 | |
| 583 | 1 | |a Archivierung/Langzeitarchivierung gewährleistet |f SSG |x XA-DE-BW |2 pdager |5 DE-21 | |
| 650 | 4 | |a Sexualwissenschaft | |
| 650 | 4 | |a Sexualität, Prozess | |
| 655 | 7 | |a Aufsatzsammlung |0 (DE-588)4143413-4 |0 (DE-627)105605727 |0 (DE-576)209726091 |2 gnd-content | |
| 689 | 0 | 0 | |d s |0 (DE-588)4038639-9 |0 (DE-627)106231286 |0 (DE-576)209031298 |a Mensch |2 gnd |
| 689 | 0 | 1 | |d s |0 (DE-588)4116485-4 |0 (DE-627)105806315 |0 (DE-576)209501987 |a Sexualverhalten |2 gnd |
| 689 | 0 | |5 (DE-627) | |
| 700 | 1 | |a Kentler, Helmut |d 1928-2008 |e Hrsg. |0 (DE-588)135978491 |0 (DE-627)573843414 |0 (DE-576)300756534 |4 edt | |
| 856 | 4 | 2 | |u http://d-nb.info/840153937/04 |m B:DE-101 |q application/pdf |v 20130501 |x Verlag |3 Inhaltsverzeichnis |7 1 |
| 856 | 4 | 2 | |u http://scans.hebis.de/HEBCGI/show.pl?05249838_toc.pdf |m V:DE-603;B:DE-17 |q application/pdf |3 Inhaltsverzeichnis |7 1 |
| 889 | |w (DE-627)82307014X | ||
| 935 | |a mteo | ||
| 935 | |i Blocktest | ||
| 936 | r | v | |a CR 6000 |b Sexualität, geschlechtsspezifische Differenzen |k Psychologie |k Differentielle Psychologie (Persönlichkeitspsychologie) |k Sexualität, geschlechtsspezifische Differenzen |0 (DE-627)1271443783 |0 (DE-625)rvk/19034: |0 (DE-576)201443783 |
| 936 | r | v | |a DG 5000 |b Sexualerziehung |k Pädagogik |k Spezialfragen der Erziehung |k Sexualerziehung |0 (DE-627)1270769472 |0 (DE-625)rvk/19557: |0 (DE-576)200769472 |
| 936 | r | v | |a BK 6400 |b Ethik der Geschlechterdifferenz, Sexualität |k Theologie und Religionswissenschaften |k Theologische Ethik/Moraltheologie |k Spezielle Moraltheologie/Spezielle Ethik |k Verantwortung für Ehe und Geschlechtsleben |k Ethik der Geschlechterdifferenz, Sexualität |0 (DE-627)1270725556 |0 (DE-625)rvk/11937: |0 (DE-576)200725556 |
| 936 | r | v | |a MS 2900 |b Verhältnis der Geschlechter, Allgemeines und Verschiedenes |k Soziologie |k Spezielle Soziologien |k Soziologische Geschlechterforschung (Gender Studies) |k Verhältnis der Geschlechter, Allgemeines und Verschiedenes |0 (DE-627)1270706764 |0 (DE-625)rvk/123650: |0 (DE-576)200706764 |
| 936 | b | k | |a 71.25 |j Sexualität |x Soziologie |0 (DE-627)106409050 |
| 936 | s | n | |a b100 |2 mzub |
| 936 | s | n | |a c200 |2 mzub |
| 936 | s | n | |a d100 |2 mzub |
| 936 | s | n | |a m200 |2 mzub |
| 951 | |a BO | ||
| ELC | |b 1 | ||
| LOK | |0 000 xxxxxcx a22 zn 4500 | ||
| LOK | |0 001 3191048316 | ||
| LOK | |0 003 DE-627 | ||
| LOK | |0 004 02739946X | ||
| LOK | |0 005 20020607000000 | ||
| LOK | |0 008 930617||||||||||||||||ger||||||| | ||
| LOK | |0 040 |a DE-21-110 |c DE-627 |d DE-21-110 | ||
| LOK | |0 852 |a DE-21-110 | ||
| LOK | |0 852 1 |c E II 22 |m p |9 00 | ||
| LOK | |0 935 |a k110 | ||
| LOK | |0 936ln |a 9.5.1 | ||
| LOK | |0 938 |k p | ||
| LOK | |0 939 |a 1993-06-17 |b l01 | ||
| ORI | |a WA-MARC-krimdoka001.raw | ||
| SIG | |a IFK: E II 22 | ||
| SPR | |a 1 |t KRI | ||
